000 00351 a2200157 4500
001 151705
020 _a8526243691
040 _cEscola São Tomás de Aquino
100 _aHOESTLAND, Joe
240 1 0 _aA carta de Savita
_lpor
245 1 0 _aA carta de Savita
300 _a63
440 1 _aScipione
697 _a*LITERATURA INFANTO
942 _cBK
999 _c151705
_d151705